|
|
|
|
| LEADER |
00000cam a2200000 7i4500 |
| 001 |
0000070536 |
| 005 |
20170319.0 |
| 008 |
170219 |
| 020 |
|
|
|a 9674601768
|
| 020 |
|
|
|a 9789674601768
|
| 090 |
0 |
0 |
|a 899.231
|b SUT
|
| 100 |
0 |
|
|a Sutung Umar Rs
|
| 245 |
1 |
0 |
|a Puisi :
|b nyanyian mazmur
|c Sutung Umar Rs
|
| 260 |
|
|
|a Kuala Lumpur :
|b Institut Terjemahan & Buku Malaysia Berhad ,
|c 2016
|
| 300 |
|
|
|a 485 p. :
|b ill.,col. ;
|c 21.2 cm.
|
| 541 |
0 |
0 |
|c Purchased on 2016
|
| 650 |
|
0 |
|a Malay poetry
|
| 999 |
|
|
|a 0001442419
|b Book
|c Adult Collection
|e Perbadanan Perpustakaan Awam Johor
|
| 999 |
|
|
|a 0001455707
|b Book
|c Adult Collection
|e Cawangan Tangkak
|
| 999 |
|
|
|a 0001455708
|b Book
|c Adult Collection
|e Cawangan Tangkak
|
| 999 |
|
|
|a 0001455709
|b Book
|c Adult Collection
|e Cawangan Tmn. Ungku Tun Aminah
|
| 999 |
|
|
|a 0001455710
|b Book
|c Adult Collection
|e Cawangan Taman Universiti
|
| 999 |
|
|
|a 0001455711
|b Book
|c Adult Collection
|e Cawangan Bukit Gambir
|
| 999 |
|
|
|a 0001455712
|b Book
|c Adult Collection
|e Cawangan Bandar Penawar
|
| 999 |
|
|
|a 0001455713
|b Book
|c Adult Collection
|e Cawangan Batu Pahat
|
| 999 |
|
|
|a 0001455714
|b Book
|c Adult Collection
|e Cawangan Taman Sri Lambak
|
| 999 |
|
|
|a 0001455715
|b Book
|c Adult Collection
|e Cawangan Bandar Tenggara
|
| 999 |
|
|
|a 0001455716
|b Book
|c Adult Collection
|e Cawangan Mersing
|
| 999 |
|
|
|a 0001455717
|b Book
|c Adult Collection
|e Cawangan Muar
|
| 999 |
|
|
|a 0001455718
|b Book
|c Adult Collection
|e Cawangan Segamat
|
| 999 |
|
|
|a 0001455719
|b Book
|c Adult Collection
|e Cawangan Pontian
|
| 999 |
|
|
|a 0001455720
|b Book
|c Adult Collection
|e Cawangan Sri Merlong
|
| 999 |
|
|
|a 0001455721
|b Book
|c Adult Collection
|e Cawangan Kota Tinggi
|
| 999 |
|
|
|a 0001455722
|b Book
|c Adult Collection
|e Cawangan Pontian
|
| 999 |
|
|
|a 0001455723
|b Book
|c Adult Collection
|e Cawangan Tmn. Ungku Tun Aminah
|
| 999 |
|
|
|a 0001458667
|b Book
|c Children Collection
|e Cawangan Urban Transformation Centre
|
| 999 |
|
|
|a 0001458669
|b Book
|c Children Collection
|e Perbadanan Perpustakaan Awam Johor
|
| 999 |
|
|
|a 0001458670
|b Book
|c Children Collection
|e Perbadanan Perpustakaan Awam Johor
|
| 999 |
|
|
|a 0001458679
|b Book
|c Children Collection
|e Perbadanan Perpustakaan Awam Johor
|
| 999 |
|
|
|a 0001458680
|b Book
|c Children Collection
|e Perbadanan Perpustakaan Awam Johor
|
| 999 |
|
|
|a 0001458682
|b Book
|c Children Collection
|e Cawangan Urban Transformation Centre
|